000 00539nam a2200169Ia 4500
003 GCL
008 140319s9999 xx 000 0 ara d
040 _aGCL /
_cGCL
082 0 4 _a257.3
_bح ا
100 1 _aحسن على الشاذلى
245 1 0 _aالاقتصاد الاسلامى: مصادره واسسه المال وتنميته دراسة مقارنة /
_cحسن على الشاذلى
300 _a316
490 _a100 قصة
_v0
650 0 4 _aالاسلام
650 0 4 _aالاقتصاد الاسلامى
942 _2ddc
_cBK
999 _c43894
_d43894